| 000 | 01462nam a2200361Ia 4500 | ||
|---|---|---|---|
| 001 | ebr10436215 | ||
| 003 | CaPaEBR | ||
| 006 | m u | ||
| 007 | cr cn||||||||| | ||
| 008 | 100317s2010 iaua sb s001 0 eng d | ||
| 010 | _z 2010010257 | ||
| 020 | _z9781587299063 (pbk. : alk. paper) | ||
| 020 | _z1587299062 (pbk. : alk. paper) | ||
| 020 | _z9781587299407 (eBook) | ||
| 020 | _z1587299402 (eBook) | ||
| 040 |
_aCaPaEBR _cCaPaEBR |
||
| 035 | _a(OCoLC)699513572 | ||
| 050 | 1 | 4 |
_aPS2384.M62 _bD69 2010eb |
| 082 | 0 | 4 |
_a813/.3 _222 |
| 100 | 1 |
_aDowling, David Oakey, _d1967- |
|
| 245 | 1 | 0 |
_aChasing the white whale _h[electronic resource] : _bthe Moby-Dick marathon ; or, what Melville means today / _cby David Dowling. |
| 260 |
_aIowa City : _bUniversity of Iowa Press, _cc2010. |
||
| 300 |
_aviii, 242 p. : _bill. |
||
| 504 | _aIncludes bibliographical references and index. | ||
| 533 |
_aElectronic reproduction. _bPalo Alto, Calif. : _cebrary, _d2011. _nAvailable via World Wide Web. _nAccess may be limited to ebrary affiliated libraries. |
||
| 600 | 1 | 0 |
_aMelville, Herman, _d1819-1891. _tMoby Dick. |
| 650 | 0 |
_aSea stories, American _xHistory and criticism. |
|
| 650 | 0 | _aWhaling in literature. | |
| 650 | 0 | _aWhales in literature. | |
| 655 | 7 |
_aElectronic books. _2local |
|
| 710 | 2 | _aebrary, Inc. | |
| 856 | 4 | 0 |
_uhttp://site.ebrary.com/lib/rucke/Doc?id=10436215 _zAn electronic book accessible through the World Wide Web; click to view |
| 999 |
_c235145 _d235145 |
||